000 01193cam a22003377a 4500
001 16568317
003 ARRUPE
005 20130918114757.0
008 101126s2010 enkab b 001 0 eng
010 _a 2011379011
015 _aGBB012097
_2bnb
016 7 _a015479056
_2Uk
020 _a9781405091855 (hbk.)
020 _a1405091851 (hbk.)
035 _a(OCoLC)ocn503643096
040 _aUKM
_cUKM
_dBWK
_dYDXCP
_dVP@
_dCDX
_dPSC
_dIUL
_dDLC
042 _alccopycat
050 0 0 _aDT1879.I83
_b.K5727 2010
100 1 _aKnight, Ian,
_d1956-
_9475
245 1 0 _aZulu rising :
_bthe epic story of iSandlwana and Rorke's drift /
_cIan Knight.
260 _aLondon :
_bMacmillan,
_c2010.
300 _axii, 697p.;
_c24 cm.
650 0 _aIsandlwana, Battle of, South Africa, 1879.
_9476
650 0 _aZulu War, 1879.
_9477
650 0 _aZulu (African people)
_xHistory.
_9478
651 0 _aZululand (South Africa)
_xHistory, Military
_y19th century.
_9479
651 0 _aZululand (South Africa)
_xHistory.
_9480
906 _a7
_bcbc
_ccopycat
_d2
_encip
_f20
_gy-gencatlg
942 _2lcc
_cMONOGRAPH
999 _c117859
_d117859